000 00405nam a2200169Ia 4500
008 230524s9999 xx 000 0 und d
020 _a8173666822
082 _a5.133
_bOUA
100 _aSteve Oualline
_914408
245 0 _aPractical C++ Programming
250 _a2ND
260 _aNEW DELHI
_bShroff
_c2003
300 _aXXI;549
500 _aQuantity Number: 1
650 _aComp-Sc
942 _cBK
999 _c20400
_d20400